| 000 | 00975nam a22003497a 4500 | ||
|---|---|---|---|
| 001 | 0009950 | ||
| 003 | KOHA_MİRAKIL | ||
| 005 | 20260207001727.0 | ||
| 007 | ta | ||
| 008 | 091028b1990 tu |||gr||||#||||0|tur | | ||
| 020 |
_a9754910162 _c0,01 |
||
| 040 |
_aTR-BiSEU _btur _cTR-BiSEU _erda |
||
| 041 | 0 | _atur | |
| 044 | _ctu | ||
| 050 |
_aQD251.2 _b.O85 1990 |
||
| 100 | 1 | _aOskay, Enis. | |
| 245 | 1 |
_aOrganik kimya/ _cEnis Oskay ; Enis Oskay. |
|
| 250 | _a4. bs. | ||
| 264 | 1 |
_aAnkara : _bHacettepe Üniversitesi _c1990 |
|
| 300 | _aXVI, 779 sayfa | ||
| 336 |
_ametin _btxt _2rdacontent |
||
| 337 |
_aaracısız _bn _2rdamedia |
||
| 338 |
_acilt _bnc _2rdacarrier |
||
| 490 | 1 |
_aHacettepe Üniversitesi yayınları ; _vno. |
|
| 490 | 1 | _aA-62. | |
| 500 | _aDizin var. | ||
| 650 | 0 |
_aChemistry Organic. _924547 |
|
| 650 | 0 |
_aKimya, Organik. _91514 |
|
| 830 | 1 |
_aHacettepe Üniversitesi yayınları ; _vno. _924548 |
|
| 830 | 1 |
_aA-62. _924549 |
|
| 942 |
_2lcc _cBK |
||
| 999 |
_c9922 _d9922 |
||